News reporting and editing / (Record no. 7291)

MARC details
000 -LEADER
fixed length control field 00979cam a2200193 a 4500
020 ## - INTERNATIONAL STANDARD BOOK NUMBER
ISBN 9788120725911
020 ## - INTERNATIONAL STANDARD BOOK NUMBER
ISBN 8120725913
050 #4 - CALL NUMBER
Classification number PN4781
Item number .Sh9
100 1# - AUTHOR
Personal name Shrivastava, K. M.
245 10 - TITLE
Title News reporting and editing /
Statement of responsibility, etc K.M. Shrivastava.
250 ## - EDITION
Edition statement Revised edition.
260 ## - PUBLICATION INFORMATION
Place of publication New Delhi
Name of publisher Sterling Publishers Private Limited
Year of publication 1991
300 ## - DESCRIPTION
Number of Pages 327 pages ;
Dimensions 23 cm.
500 ## - NOTES
General note Includes index.
505 ## - FORMATTED CONTENTS NOTE
Table of Content Preface<br/>1. The Concept of News<br/>2. Reporter and Sub-editor<br/>3. The News Story<br/>4. News Gathering<br/>5. Press Release<br/>6. Reporting Speeches<br/>7. Press Conference<br/>8. Reporting Parliament<br/>9. Tips to Beat<br/>10. Interview<br/>11. Feature: Human Interest and Depth Reporting<br/>12. Development Reporting<br/>13. News at the Desk<br/>14. Care is the Key<br/>15. Newspaper vs Radio and TV News<br/>16. The Digital Era<br/>17. They Said It <br/>18. Rules of Punctuation<br/>Glossary<br/> Index<br/>
650 #0 - SUBJECTS
Topical Term Reporters and reporting.
650 #0 - SUBJECTS
Topical Term Journalism
General subdivision Editing.
942 ## - ADDED ENTRY ELEMENTS (KOHA)
Koha item type Books
Holdings
Withdrawn status Lost status Collection code Home library Current library Shelving location Date acquired Full call number Accession Number Koha item type
    Reference Methodist University Library Main Methodist University Library Main General Stacks 20/03/2017 PN4781 .Sh9 3354 Books
    Reference Methodist University Library Main Methodist University Library Main General Stacks 20/03/2017 PN4781 .Sh9 3353 Books
Copyright © 2026  MUG Library